LEADER 03017oam 2200649I 450 001 9910786442503321 005 20230607231347.0 010 $a1-135-12096-X 010 $a0-203-35487-7 010 $a1-283-84248-3 010 $a1-135-12089-7 024 7 $a10.4324/9780203354872 035 $a(CKB)2670000000299026 035 $a(EBL)1075396 035 $a(OCoLC)821176450 035 $a(SSID)ssj0000810852 035 $a(PQKBManifestationID)11438914 035 $a(PQKBTitleCode)TC0000810852 035 $a(PQKBWorkID)10846982 035 $a(PQKB)10097910 035 $a(MiAaPQ)EBC1075396 035 $a(Au-PeEL)EBL1075396 035 $a(CaPaEBR)ebr10630788 035 $a(CaONFJC)MIL415498 035 $a(OCoLC)823737871 035 $a(FINmELB)ELB133531 035 $a(EXLCZ)992670000000299026 100 $a20180331d2002 uy 0 101 0 $aeng 135 $aur|n|---||||| 181 $ctxt 182 $cc 183 $acr 200 10$aEmmeline Pankhurst /$fPaula Bartley 210 1$aLondon ;$aNew York :$cRoutledge,$d2002. 215 $a1 online resource (305 p.) 225 1 $aRoutledge historical biographies 225 0$aRoutledge historical biographies 300 $aDescription based upon print version of record. 311 $a0-415-20651-0 311 $a0-415-20650-2 320 $aIncludes bibliographical references (p. [242]-275) and index. 327 $aEMMELINE PANKHURST; Copyright; Contents; List of Plates; Acknowledgements; Introduction: Principles before politics; Part I A Political Apprenticeship 1858-1903; 1 Shaping a life 1858-80; 2 The Liberal years 1880-94; 3 The ILP years 1894-1903; Part II The Suffagette Story 1903-14; 4 Suffragette beginnings 1903-07; 5 Deeds and words 1908-09; 6 Deeds not words 1910-12; 7 The height of militancy 1913-14; 8 International fund-raising 1909-13; Part III Life After The Vote 1914-28; 9 The First World War 1914-18; 10 Life after the war 1918-28; Conclusion; Notes; Bibliography; Index 330 $aIn this well-structured, fluent and lively account, Paula Bartley uses new archival material to assess whether Pankhurst should be seen as a heroine or a tyrant, a conservative or a progressive.Emmeline Pankhurst was the most prominent campaigner for the women's right to vote and was transformed into a popular heroine of the early twentieth century. Early in life she was attracted to socialism, she grew into an entrenched and militant suffragette and ended up as a Conservative Party candidate.This new biography examines the guiding principles that underpinned all of Emmeline P 410 0$aRoutledge Historical Biographies 606 $aSuffragists$zGreat Britain$vBiography 615 0$aSuffragists 676 $a324.6/23/092 676 $a324.623092 700 $aBartley$b Paula.$0911535 801 0$bMiAaPQ 801 1$bMiAaPQ 801 2$bMiAaPQ 906 $aBOOK 912 $a9910786442503321 996 $aEmmeline Pankhurst$93799084 997 $aUNINA LEADER 02639nam 22006373u 450 001 9910780105103321 005 20230815171557.0 010 $a1-135-92135-0 010 $a1-138-14185-2 010 $a1-280-07075-7 010 $a0-585-44795-0 035 $a(CKB)111087026912612 035 $a(EBL)167154 035 $a(OCoLC)252919809 035 $a(SSID)ssj0000079874 035 $a(PQKBManifestationID)11107816 035 $a(PQKBTitleCode)TC0000079874 035 $a(PQKBWorkID)10075408 035 $a(PQKB)10335121 035 $a(SSID)ssj0000144540 035 $a(PQKBManifestationID)11155212 035 $a(PQKBTitleCode)TC0000144540 035 $a(PQKBWorkID)10144969 035 $a(PQKB)11697998 035 $a(MiAaPQ)EBC3060321 035 $a(EXLCZ)99111087026912612 100 $a20130418d2002|||| u|| | 101 0 $aeng 135 $aur|n|---||||| 181 $ctxt 182 $cc 183 $acr 200 10$aEffective Speaking $eCommunicating in Speech 210 $aHoboken $cTaylor and Francis$d2002 215 $a1 online resource (288 p.) 300 $aDescription based upon print version of record. 311 1 $a0-419-13030-6 311 1 $a0-203-47290-X 327 $aBook Cover; Title; Contents; Acknowledgements; Communicating in speech; The audience; Selecting, planning and arranging the material; Starting, carrying-on, and ending; Making notes; Coping with nerves: the credibility problem; Timing and bad timing; Intonation and variety; Non-verbal communication; Arranging the physical environment for a talk; Visual aids; Persuasive advocacy; Question time: leading a group discussion and answering questions; Conclusion; A specialist bibliography; Index 330 $aEffective Speaking provides the hard scientific information about audience psychology, text preparation, presentation methods, voice production, body language and persuasive advocacy which will help would-be speakers improve their performance. The emphasis throughout is on practical self-help, on methods which have been shown to work, with clear explanations of just why they are effective. 606 $aPublic speaking 606 $aLanguages & Literatures$2HILCC 606 $aLiterature - General$2HILCC 615 0$aPublic speaking 615 7$aLanguages & Literatures 615 7$aLiterature - General 676 $a808.5/1 676 $a808.51 700 $aTurk$b Christopher$0772138 801 0$bAU-PeEL 801 1$bAU-PeEL 801 2$bAU-PeEL 906 $aBOOK 912 $a9910780105103321 996 $aEffective Speaking$93810600 997 $aUNINA